[Event "BCF-chT3N 1718 (4NCL)"]
[Site "England"]
[Date "2018.05.06"]
[Round "10.13"]
[White "Delaney, Killian"]
[Black "Purcell, Philip"]
[Result "1-0"]
[WhiteElo "2188"]
[BlackElo "1867"]
[PlyCount "67"]
[EventDate "2017.11.11"]
[EventType "team-swiss"]
[EventRounds "11"]
[EventCountry "ENG"]
[SourceTitle "EXT 2020"]
[Source "ChessBase"]
[SourceDate "2019.10.17"]
[SourceVersion "1"]
[SourceVersionDate "2019.10.17"]
[SourceQuality "1"]
[WhiteTeam "Gonzaga"]
[BlackTeam "Warwicks Select II"]
[WhiteTeamCountry "IRL"]
[BlackTeamCountry "ENG"]

1. e4 c5 2. c3 Nf6 3. e5 Nd5 4. Bc4 Nb6 5. Bb3 Nc6 6. Nf3 d5 7. exd6 Qxd6 8. 0-0 c4 9. Bc2 Bg4 10. h3 Bh5 11. Re1 e6 12. b3 Be7 13. Na3 cxb3 14. axb3 0-0 15. d4 Bg6 16. Bxg6 hxg6 17. Nc4 Nxc4 18. bxc4 Rfd8 19. Qe2 Bf6 20. Qe4 Rac8 21. g4 Qd7 22. g5 Be7 23. Kg2 a6 24. c5 Qd5 25. Qxd5 Rxd5 26. Bf4 e5 27. Nxe5 Nxe5 28. Rxe5 Rxe5 29. Bxe5 Bxg5 30. Rb1 Kf8 31. Rxb7 Bd2 32. d5 Ke8 33. c6 f6 34. Rxg7 1-0

[Event "BCF-chT2a 1617 (4NCL)"]
[Site "England"]
[Date "2017.02.12"]
[Round "6.44"]
[White "Littlejohns, David"]
[Black "Purcell, Philip"]
[Result "1/2-1/2"]
[WhiteElo "2005"]
[BlackElo "2080"]
[PlyCount "76"]
[EventDate "2016.11.19"]
[EventType "team-tourn"]
[EventRounds "11"]
[EventCountry "ENG"]
[SourceTitle "EXT 2019"]
[Source "ChessBase"]
[SourceDate "2018.10.10"]
[SourceVersion "1"]
[SourceVersionDate "2018.10.10"]
[SourceQuality "1"]
[WhiteTeam "West is Best"]
[BlackTeam "Warwicks Select II"]
[WhiteTeamCountry "ENG"]
[BlackTeamCountry "ENG"]

1. e4 c5 2. Nc3 Nc6 3. g3 g6 4. Bg2 Bg7 5. d3 e6 6. f4 Nge7 7. Nf3 0-0 8. 0-0 d5 9. e5 a6 10. a4 Rb8 11. Kh1 b5 12. axb5 axb5 13. Ne2 Bb7 14. c3 Qd7 15. Be3 c4 16. Bc5 Ra8 17. Qd2 Rfc8 18. Bxe7 Qxe7 19. Ned4 Nxd4 20. Nxd4 Qe8 21. h3 Bf8 22. Rfc1 Bc5 23. Nc2 Rxa1 24. Rxa1 Ra8 25. Rxa8 Qxa8 26. d4 Be7 27. Kh2 Qa4 28. Ne3 Bc8 29. g4 b4 30. g5 bxc3 31. bxc3 Qa3 32. Ng4 Kf8 33. Qe1 Ke8 34. Nf6+ Bxf6 35. exf6 Kd7 36. Qh4 Qc1 37. Qxh7 Qxf4+ 38. Kh1 Qc1+ 1/2-1/2